Možný model účinnej prevencie hybridných hrozieb v prostredí podniku

Tento príspevok poskytuje pohľad na model riešenia podnikových hybridných hrozieb. Prvá fáza je zameraná na identifikáciu hybridných hrozieb v podnikovom prostredí. Druhá fáza identifikuje kľúčové nástroje a opatrenia na efektívne riešenie hrozieb v podniku. Tretia fáza zdôrazňuje posilňovanie kapac...

Descrizione completa

Salvato in:
Dettagli Bibliografici
Autore principale: Vráb, František, 1975-
Natura: Capitolo di libro
Lingua:slovacco
Soggetti:
Tags: Aggiungi Tag
Nessun Tag, puoi essere il primo ad aggiungerne!!

MARC

LEADER 00000naa a2200000 4500
001 0298243
005 20241024130404.6
041 0 |a slo 
044 |a SK 
245 1 0 |a Možný model účinnej prevencie hybridných hrozieb v prostredí podniku  |c František Vráb 
520 |a Tento príspevok poskytuje pohľad na model riešenia podnikových hybridných hrozieb. Prvá fáza je zameraná na identifikáciu hybridných hrozieb v podnikovom prostredí. Druhá fáza identifikuje kľúčové nástroje a opatrenia na efektívne riešenie hrozieb v podniku. Tretia fáza zdôrazňuje posilňovanie kapacít podnikovej organizácie, zatiaľ čo štvrtá fáza hodnotí účinnosť implementovaných opatrení v podnikovom prostredí. 
610 2 0 |a riziko 
610 2 0 |a organizácia podniku 
610 2 0 |a prostredie podnikové 
610 2 0 |a opatrenia 
610 2 0 |a hrozby hybridné 
100 1 |a Vráb, František, 1975-